| 000 | 01293cam a22003857a 4500 | ||
|---|---|---|---|
| 003 | CHAP | ||
| 005 | 20220329142753.0 | ||
| 008 | 030818d2002 cr ad r 00110 spa d | ||
| 010 | _a87558 | ||
| 011 | _a88530 | ||
| 020 | _a889369895 | ||
| 035 | _a99075 | ||
| 040 | _cCHAP | ||
| 082 | 0 | 4 |
_a001.4 _bE3Y |
| 100 | 0 | 0 |
_aEarl, Sarah. _934986 |
| 245 | 1 | 0 |
_aMapeo de alcances: _bincorporando aprendizaje y reflexión en programas de desarrollo _c/por Sarah Earl, Fred Carden y Terry Smutylo |
| 260 |
_aCartago, C.R. : _bLibro Universitario Regional, _c2002 |
||
| 300 |
_a159 p. : _bilus. ; cuadros |
||
| 590 |
_aBATCH-UPD _b10 _c20130110 _lUCH01 _h0509 |
||
| 590 |
_aBATCH-UPD _b10 _c20130110 _lUCH01 _h2358 |
||
| 590 |
_aBATCH-UPD _b10 _c20130410 _lUCH01 _h0147 |
||
| 590 |
_aBATCH-UPD _b10 _c20130914 _lUCH01 _h0843 |
||
| 590 |
_aCONVERSION _b10 _c20130109 _lUCH01 _h1349 |
||
| 650 | 1 | 4 |
_aAprendizaje. _96370 |
| 650 | 1 | 4 |
_aEvaluación. _938913 |
| 650 | 1 | 4 |
_aInvestigación _xMetodología. _960237 |
| 650 | 1 | 4 |
_aPlanificación. _988736 |
| 650 | 1 | 4 |
_aToma de decisiones. _9113662 |
| 700 | 0 |
_aCarden, Fred. _918876 |
|
| 700 | 0 |
_aSmutylo, Terry. _9107203 |
|
| 901 | _aBK | ||
| 905 | _aMarco A. Mendoza T. | ||
| 942 | _cLIBRO | ||
| 949 |
_a001.4 E3Y _bBC _cLIBRO _d33724000896130 _eLIBRO _h103817 _i99075 _sb |
||
| 999 |
_c87558 _d87558 |
||